LEADER 00511naa a2200145 i 4500 001 000000300133 003 CaOOAMICUS 005 20180831172657.0 008 180831n xx u000 u und u 013 $a7802 040 $aSeMil$bita 100 1 $aGibellini, Pietro,$d<1945- >.$0(OLS)http://semarc/name/10454 245 13$aUn filo bresciano per Manzoni. 773 0 $tAttualità della Storia della Colonna Infame.$d[S.l. : s.n.], stampa 1987$w()34408 996 $6245$aUn filo bresciano per Manzoni$9(OLS)http://semarc/title/376148 LEADER 01153nas a2200289 i 4500 001 000000235101 003 CaOOAMICUS 005 20191007084513.0 008 180830b2014 gw uu u0 0mul r 013 $a214004 040 $aSeMil$bita 245 10$a2014. 260 $aBerlin ; Boston :$bDe Gruyter,$ccopyr. 2014. 300 $a305 p. ;$c23 cm. 500 $aArticoli con sintesi in tedesco [Abstract] in testa 700 1 $aKonradt, Matthias.$0(OLS)http://semarc/name/38357 700 1 $aDunn, James Douglas Grant,$d<1939-2020>.$0(OLS)http://semarc/name/89997 700 1 $aBackhaus, Knut,$d<1960- >.$0(OLS)http://semarc/name/32751 773 0 $tZeitschrift für die Neutestamentliche Wissenschaft.$dGiessen ; Berlin : [s.n.] $x0044-2615$w()3138 774 0 $t2014 : 1.$w()282246 774 0 $t2014 : 2.$w()282247 850 $aSeMil 852 $aSeMil$W1$xVenegono$y1$m79 1 65$j216641$B185447$CSeMilBibl$Z2$F0 $85 961 $aAbbonamento: De Gruyter 996 $6245$a2014$9(OLS)http://semarc/title/322994 996 $6260$aBerlin ; Boston :$bDe Gruyter$9(OLS)http://semarc/publisher/36449